000 00794nam a2200229Ia 4500
003 GCL
005 20240530103902.0
008 140319s9999 xx 000 0 ara d
020 _a9772730677
040 _aGCL /
_cGCL
082 0 4 _a301.01
_bع س
100 1 _aعدلى السمرة
245 1 0 _aالسلوك الاجرامى :
_bالنظريات /
_cترجمة وتعليق عدلى السمرة ؛ تقديم محمد الجوهرى
260 _aالاسكندرية :
_bدار المعرفة الجامعية ،
_c1996
300 _a378 ؛
_c24 سم
650 0 4 _aالجريمة والمجرمون
650 0 4 _aنظريات
650 0 4 _aالضبط الاجتماعى
650 0 4 _aالاجتماع، علم
700 1 _aمحمد الجوهرى
_eمقدم
942 _2ddc
_cBK
999 _c43224
_d43224